Term report (Record no. 67033)

MARC details
000 -LEADER
fixed length control field 01229cam a2200241 4500
001 - CONTROL NUMBER
control field ABS64074
008 - FIXED-LENGTH DATA ELEMENTS--GENERAL INFORMATION
fixed length control field 000000n2001 000 0 eng u
035 ## - SYSTEM CONTROL NUMBER
System control number (Sirsi) u112610
100 ## - MAIN ENTRY--PERSONAL NAME
Personal name Freer, J
245 ## - TITLE STATEMENT
Title Term report
260 ## - PUBLICATION, DISTRIBUTION, ETC.
Date of publication, distribution, etc. 2001
490 ## - SERIES STATEMENT
Series statement Surveyor
Volume/sequential designation 188(5629) 3 May 2001, 13-15(3)
520 ## - SUMMARY, ETC.
Summary, etc. With the DETR's final assessment of local transport plans now complete, the Technical Adviser's Group (TAG) reports back on the process of developing local transport plans (LTPs) to date, and discusses the issues surrounding government's 10 year transport plan. Suggests that clear guidelines are required for the next LTPs and that the process should be transparent, with enough consultation. Sets out the main challenges that local authorities will face when delivering integrated transport, which include competition between different forms of transport and lack of integration between strategic objectives, and suggests possible solutions.
590 ## - LOCAL NOTE (RLIN)
Local note ABS
650 ## - SUBJECT ADDED ENTRY--TOPICAL TERM
Topical term or geographic name entry element TRANSPORT ACT 2000
650 ## - SUBJECT ADDED ENTRY--TOPICAL TERM
Topical term or geographic name entry element LOCAL TRANSPORT PLANS
650 ## - SUBJECT ADDED ENTRY--TOPICAL TERM
Topical term or geographic name entry element LOCAL AUTHORITIES
650 ## - SUBJECT ADDED ENTRY--TOPICAL TERM
Topical term or geographic name entry element CAR USE
650 ## - SUBJECT ADDED ENTRY--TOPICAL TERM
Topical term or geographic name entry element INTEGRATED TRANSPORT
650 ## - SUBJECT ADDED ENTRY--TOPICAL TERM
Topical term or geographic name entry element FUNDING
690 ## - LOCAL SUBJECT ADDED ENTRY--TOPICAL TERM (OCLC, RLIN)
Topical term or geographic name as entry element TRANSPORT AND COMMUNICATIONS
942 ## - ADDED ENTRY ELEMENTS (KOHA)
Suppress in OPAC 0
Holdings
Withdrawn status Lost status Source of classification or shelving scheme Damaged status Not for loan Home library Current library Shelving location Date acquired Total Checkouts Full call number Barcode Date last seen Copy number Price effective from Koha item type
    Dewey Decimal Classification     London London Journal article 16/05/2001   ABS64074 112610-1001 06/08/2019 1 06/08/2019 Journal article